Normal view MARC view

Entry Nombre personal

Number of records used in: 1

001 - NÚMERO DE CONTROL

  • campo de control: 948

003 - IDENTIFICADOR DE NÚMERO DE CONTROL

  • campo de control: DLC

005 - FECHA Y HORA DE LA ÚLTIMA TRANSACCIÓN

  • campo de control: 20260321104130.0

008 - ELEMENTOS DE DATO DE LONGITUD-FIJA

  • campo de control de longitud fija: 821120n| azannaabn |a aaa

010 ## - NÚMERO DE CONTROL DE LA BIBLIOTECA DEL CONGRESO

  • Número de control de LC: n 82109955

040 ## - FUENTE DE CATALOGACIÓN

  • Centro catalogador/agencia de origen: DLC
  • Lengua de catalogación: eng
  • Normas de descripción: rda
  • Centro/agencia transcriptor: DLC
  • Centro/agencia modificador: OCoLC
  • Centro/agencia modificador: DNLM
  • Centro/agencia modificador: Uk

046 ## - FECHAS CON CODIFICACIÓN ESPECIAL

  • Fecha de nacimiento: 1921-05-17
  • Fecha de la muerte: 2020-11-07
  • Fuente del esquema de fecha: edtf

100 1# - ENCABEZAMIENTO-NOMBRE DE PERSONA

  • Nombre de persona: Safouan, Moustafa

370 ## - LUGAR ASOCIADO

  • Lugar de nacimiento: Alexandria (Egypt)
  • País asociado: Egypt
  • País asociado: France
  • Fuente del término: naf

374 ## - OCUPACIÓN

  • Ocupación: Psychoanalysts
  • Fuente del término: fast
  • Número de control del registro de autoridad o número normalizado: (OCoLC)fst01081287

400 0# - TRAZADO DE VÉASE--NOMBRE DE PERSONA

  • Nombre de persona: Moustafa Safouan

400 0# - TRAZADO DE VÉASE--NOMBRE DE PERSONA

  • Nombre de persona: Moustapha Safouan

400 0# - TRAZADO DE VÉASE--NOMBRE DE PERSONA

  • Nombre de persona: Muṣṭafá Ṣafwān

400 1# - TRAZADO DE VÉASE--NOMBRE DE PERSONA

  • Nombre de persona: Safouan, Moustapha

400 1# - TRAZADO DE VÉASE--NOMBRE DE PERSONA

  • Nombre de persona: Ṣafwān, Muṣṭafá

670 ## - FUENTE DE DATOS ENCONTRADOS

  • Cita de la fuente: Author's Le structuralisme en psychanalyse, 1973, c1968.

670 ## - FUENTE DE DATOS ENCONTRADOS

  • Cita de la fuente: Wikipedia, viewed 3 February 2026:
  • Información encontrada: Moustafa Safouan (Moustafa or Moustapha Safouan (17 May 1921–7 November 2020) was an Egyptian psychoanalyst. Born in Alexandria. After studying philosophy in Alexandria, he went to Paris to study philosophy in 1946. After entering analysis with Marc Schlumberger, he underwent a training analysis with Jacques Lacan in 1949.)